[Event "WYCC Open 10"]
[Site "Porto Carras"]
[Date "2015.10.29"]
[Round "5.10"]
[White "Oglaza, Oskar"]
[Black "Popov, Konstantin."]
[Result "1-0"]
[BlackElo "1802"]
[WhiteElo "2118"]
[LiveChessVersion "1.4.6"]

1. e4 {[%clk 1:30:44]} e6 {[%clk 1:30:27]} 2. d4 {[%clk 1:30:34]} d5
{[%clk 1:30:19]} 3. Nd2 {[%clk 1:30:33]} a5 {[%clk 1:30:13]} 4. Ngf3
{[%clk 1:29:30]} Be7 {[%clk 1:30:08]} 5. Bd3 {[%clk 1:27:04]} dxe4
{[%clk 1:28:59]} 6. Nxe4 {[%clk 1:27:11]} Nf6 {[%clk 1:29:05]} 7. O-O
{[%clk 1:24:56]} O-O {[%clk 1:28:49]} 8. c3 {[%clk 1:22:57]} Bd7 {[%clk 1:28:25]}
9. Qc2 {[%clk 1:22:01]} h6 {[%clk 1:27:04]} 10. Ne5 {[%clk 1:18:47]} Bc6
{[%clk 1:21:49]} 11. f4 {[%clk 1:08:11]} Nxe4 {[%clk 1:21:27]} 12. Bxe4
{[%clk 1:08:27]} Bxe4 {[%clk 1:21:41]} 13. Qxe4 {[%clk 1:08:29]} Qd5
{[%clk 1:22:00]} 14. Qxd5 {[%clk 1:08:31]} exd5 {[%clk 1:22:23]} 15. f5
{[%clk 1:08:53]} Bf6 {[%clk 1:21:53]} 16. Bf4 {[%clk 1:07:43]} Bxe5
{[%clk 1:21:20]} 17. dxe5 {[%clk 0:57:10]} Na6 {[%clk 1:17:01]} 18. Rad1
{[%clk 0:45:13]} c6 {[%clk 1:00:59]} 19. g4 {[%clk 0:36:01]} Nc5 {[%clk 0:43:28]}
20. Rd4 {[%clk 0:31:10]} Rfe8 {[%clk 0:41:42]} 21. Re1 {[%clk 0:19:54]} Nd7
{[%clk 0:25:30]} 22. Re3 {[%clk 0:15:23]} Nb6 {[%clk 0:20:03]} 23. Kf2
{[%clk 0:13:15]} Nc4 {[%clk 0:19:28]} 24. Re2 {[%clk 0:12:59]} Re7
{[%clk 0:19:22]} 25. b3 {[%clk 0:12:19]} Nxe5 {[%clk 0:18:36]} 26. Rxe5
{[%clk 0:12:44]} Rxe5 {[%clk 0:18:45]} 27. Bxe5 {[%clk 0:13:10]} Re8
{[%clk 0:19:02]} 28. Bc7 {[%clk 0:13:30]} Rc8 {[%clk 0:19:05]} 29. Bxa5
{[%clk 0:13:50]} Ra8 {[%clk 0:19:32]} 30. Ra4 {[%clk 0:14:03]} b5
{[%clk 0:19:53]} 31. Ra3 {[%clk 0:14:19]} c5 {[%clk 0:20:07]} 32. c4
{[%clk 0:13:35]} dxc4 {[%clk 0:20:21]} 33. bxc4 {[%clk 0:13:52]} bxc4
{[%clk 0:20:41]} 34. Bb4 {[%clk 0:13:59]} Rc8 {[%clk 0:20:25]} 35. Bd2
{[%clk 0:13:54]} Rb8 {[%clk 0:20:48]} 36. Rc3 {[%clk 0:13:54]} Rb2
{[%clk 0:21:12]} 37. Ke3 {[%clk 0:14:13]} Rxa2 {[%clk 0:21:37]} 38. Rxc4
{[%clk 0:14:30]} Ra3+ {[%clk 0:21:57]} 39. Ke4 {[%clk 0:14:01]} Rh3
{[%clk 0:22:03]} 40. Bf4 {[%clk 0:44:22]} Rh4 {[%clk 0:51:21]} 41. Kf3
{[%clk 0:44:01]} h5 {[%clk 0:51:21]} 42. g5 {[%clk 0:41:42]} Kh7 {[%clk 0:50:45]}
43. Rxc5 {[%clk 0:41:54]} g6 {[%clk 0:49:16]} 44. f6 {[%clk 0:39:59]} Kg8
{[%clk 0:48:22]} 45. Rc8+ {[%clk 0:40:12]} Kh7 {[%clk 0:48:49]} 46. Rf8
{[%clk 0:40:09]} Rh3+ {[%clk 0:49:10]} 47. Kg2 {[%clk 0:37:49]} Ra3
{[%clk 0:49:30]} 48. Rxf7+ {[%clk 0:38:00]} Kg8 {[%clk 0:49:44]} 49. Rb7
{[%clk 0:37:48]} Ra2+ {[%clk 0:50:05]} 50. Kf3 {[%clk 0:38:07]} Ra3+
{[%clk 0:50:33]} 51. Ke4 {[%clk 0:37:46]} Ra4+ {[%clk 0:50:56]} 52. Ke5
{[%clk 0:38:03]} Ra6 {[%clk 0:51:14]} 53. Kd5 {[%clk 0:38:13]} Ra5+
{[%clk 0:51:36]} 54. Ke6 {[%clk 0:38:30]} Ra6+ {[%clk 0:51:31]} 55. Bd6
{[%clk 0:38:35]} Rxd6+ {[%clk 0:51:45]} 56. Kxd6 {[%clk 0:38:57]} h4
{[%clk 0:52:04]} 57. Ke7 {[%clk 0:38:51]} h3 {[%clk 0:52:31]} 58. f7+
{[%clk 0:38:59]} Kh7 {[%clk 0:52:57]} 59. Kf6 {[%clk 0:39:16]} Kh8
{[%clk 0:53:18]} 60. f8=Q# {[%clk 0:39:37]} 1-0

[Event "WYCC Open 10"]
[Site "Porto Carras"]
[Date "2015.10.29"]
[Round "5.11"]
[White "Zuo, Yifan"]
[Black "Dardha, Daniel"]
[Result "1-0"]
[BlackElo "2106"]
[WhiteElo "1793"]
[LiveChessVersion "1.4.6"]

1. d4 {[%clk 1:30:56]} Nf6 {[%clk 1:30:44]} 2. c4 {[%clk 1:31:14]} g6
{[%clk 1:31:01]} 3. Nc3 {[%clk 1:31:35]} d5 {[%clk 1:31:20]} 4. g3
{[%clk 1:31:45]} Bg7 {[%clk 1:30:47]} 5. Bg2 {[%clk 1:32:07]} e6 {[%clk 1:28:21]}
6. Nf3 {[%clk 1:31:58]} O-O {[%clk 1:27:47]} 7. O-O {[%clk 1:31:52]} c6
{[%clk 1:26:42]} 8. cxd5 {[%clk 1:29:37]} exd5 {[%clk 1:23:27]} 9. Bf4
{[%clk 1:29:08]} Nbd7 {[%clk 1:12:22]} 10. Ne5 {[%clk 1:28:36]} Nxe5
{[%clk 1:09:36]} 11. Bxe5 {[%clk 1:25:40]} Bf5 {[%clk 1:07:23]} 12. b4
{[%clk 1:24:33]} Ne4 {[%clk 1:04:15]} 13. Bxe4 dxe4 {[%clk 1:00:56]} 14. Bxg7
{[%clk 1:16:21]} Kxg7 {[%clk 1:00:48]} 15. d5 {[%clk 1:10:43]} Qf6
{[%clk 0:57:01]} 16. Qb3 {[%clk 1:11:03]} Rac8 {[%clk 0:51:15]} 17. Rfd1
{[%clk 1:09:17]} cxd5 {[%clk 0:43:40]} 18. Nxd5 {[%clk 1:09:39]} Qe5
{[%clk 0:43:48]} 19. Qe3 {[%clk 1:08:23]} Rc2 {[%clk 0:32:33]} 20. f4
{[%clk 1:06:40]} Qe6 {[%clk 0:28:45]} 21. Rd2 {[%clk 0:52:18]} Rfc8
{[%clk 0:23:11]} 22. Rad1 {[%clk 0:52:09]} Bh3 {[%clk 0:11:54]} 23. Qxa7
{[%clk 0:49:19]} Rxd2 {[%clk 0:08:52]} 24. Rxd2 {[%clk 0:49:42]} e3
{[%clk 0:08:37]} 25. Qd4+ {[%clk 0:49:28]} Kh6 {[%clk 0:08:11]} 26. Rd1
{[%clk 0:48:54]} Rc2 {[%clk 0:06:58]} 27. f5 {[%clk 0:45:26]} Bxf5
{[%clk 0:05:53]} 28. Qxe3+ {[%clk 0:41:33]} Qxe3+ {[%clk 0:05:57]} 29. Nxe3
{[%clk 0:41:59]} Rxa2 {[%clk 0:05:27]} 30. Nxf5+ {[%clk 0:42:25]} gxf5
{[%clk 0:05:47]} 31. Rd7 {[%clk 0:42:44]} Kg6 {[%clk 0:04:58]} 32. Kf2
{[%clk 0:42:00]} Rb2 {[%clk 0:01:24]} 33. Rxb7 {[%clk 0:42:24]} f6
{[%clk 0:01:30]} 34. b5 {[%clk 0:42:46]} Rb4 {[%clk 0:01:40]} 35. b6
{[%clk 0:42:52]} f4 {[%clk 0:01:42]} 36. Rb8 {[%clk 0:42:46]} fxg3+
{[%clk 0:01:45]} 37. hxg3 {[%clk 0:43:12]} Kf5 {[%clk 0:01:55]} 38. b7
{[%clk 0:43:36]} Rb2 {[%clk 0:01:21]} 39. Ke3 {[%clk 0:43:57]} Rb3+
{[%clk 0:01:20]} 40. Kd4 {[%clk 1:14:05]} Rb4+ {[%clk 0:31:30]} 41. Kc3
{[%clk 1:14:12]} Rb6 {[%clk 0:30:53]} 42. e4+ {[%clk 1:13:51]} Kxe4
{[%clk 0:31:10]} 43. Re8+ {[%clk 1:14:19]} Kf3 {[%clk 0:31:24]} 44. b8=Q
{[%clk 1:14:44]} Rxb8 {[%clk 0:31:39]} 45. Rxb8 {[%clk 1:15:11]} Kxg3
{[%clk 0:31:35]} 46. Rh8 {[%clk 1:15:38]} f5 {[%clk 0:31:29]} 47. Rxh7
{[%clk 1:16:05]} f4 {[%clk 0:31:38]} 48. Kd3 {[%clk 1:16:31]} Kf2
{[%clk 0:31:36]} 49. Rf7 {[%clk 1:16:57]} 1-0

[Event "WYCC Open 10"]
[Site "Porto Carras"]
[Date "2015.10.29"]
[Round "5.12"]
[White "Akhmedinov, Satbek"]
[Black "Murzin, Volodar"]
[Result "0-1"]
[BlackElo "2007"]
[WhiteElo "1754"]
[LiveChessVersion "1.4.6"]

1. e4 {[%clk 1:30:42]} e6 {[%clk 1:30:53]} 2. c4 {[%clk 1:30:51]} c5
{[%clk 1:31:08]} 3. Nc3 {[%clk 1:30:14]} Nc6 {[%clk 1:31:30]} 4. Nf3
{[%clk 1:30:04]} d6 {[%clk 1:31:43]} 5. Be2 {[%clk 1:30:18]} Nf6 {[%clk 1:31:58]}
6. O-O {[%clk 1:28:46]} Be7 {[%clk 1:30:48]} 7. d4 {[%clk 1:28:59]} cxd4
{[%clk 1:31:13]} 8. Nxd4 {[%clk 1:29:19]} a6 {[%clk 1:30:49]} 9. Be3
{[%clk 1:23:21]} O-O {[%clk 1:27:33]} 10. Qd2 {[%clk 1:15:25]} Qc7
{[%clk 1:22:19]} 11. a3 {[%clk 1:13:57]} Bd7 {[%clk 1:13:24]} 12. b4
{[%clk 1:08:37]} Rfd8 {[%clk 1:08:06]} 13. Rfc1 {[%clk 0:53:03]} Ne5
{[%clk 1:00:08]} 14. h3 {[%clk 0:51:11]} Rac8 {[%clk 0:54:24]} 15. f4
{[%clk 0:46:15]} Ng6 {[%clk 0:48:45]} 16. Nf3 {[%clk 0:38:41]} Bc6
{[%clk 0:36:53]} 17. Bd3 {[%clk 0:38:59]} d5 {[%clk 0:36:45]} 18. cxd5
{[%clk 0:37:33]} exd5 {[%clk 0:37:05]} 19. e5 {[%clk 0:37:46]} Ne4
{[%clk 0:36:49]} 20. Qc2 {[%clk 0:37:08]} Nxc3 {[%clk 0:35:50]} 21. Qxc3
{[%clk 0:37:15]} Qb8 {[%clk 0:35:30]} 22. Qd4 {[%clk 0:32:18]} Nf8
{[%clk 0:29:16]} 23. a4 {[%clk 0:23:20]} Ne6 {[%clk 0:27:55]} 24. Qb2
{[%clk 0:23:40]} b5 {[%clk 0:22:49]} 25. a5 {[%clk 0:23:45]} Ba8 {[%clk 0:21:41]}
26. f5 {[%clk 0:23:54]} Rxc1+ {[%clk 0:20:27]} 27. Rxc1 {[%clk 0:24:16]} d4
{[%clk 0:20:18]} 28. fxe6 {[%clk 0:22:53]} dxe3 {[%clk 0:20:43]} 29. exf7+
{[%clk 0:23:15]} Kh8 {[%clk 0:20:42]} 30. Qc3 {[%clk 0:18:26]} Bf8
{[%clk 0:15:24]} 31. Qc7 {[%clk 0:13:41]} Qxc7 {[%clk 0:13:32]} 32. Rxc7
{[%clk 0:14:05]} Bxf3 {[%clk 0:13:48]} 33. gxf3 {[%clk 0:14:29]} Rxd3
{[%clk 0:13:49]} 34. Rc8 {[%clk 0:14:15]} Rd1+ {[%clk 0:14:00]} 35. Kg2
{[%clk 0:14:24]} g6 {[%clk 0:13:55]} 36. Rxf8+ {[%clk 0:14:25]} Kg7
{[%clk 0:14:20]} 37. Rc8 {[%clk 0:09:41]} Kxf7 {[%clk 0:14:43]} 38. e6+
{[%clk 0:10:06]} Ke7 {[%clk 0:14:48]} 39. Rc7+ {[%clk 0:10:31]} Kxe6
{[%clk 0:14:18]} 40. Rc3 {[%clk 0:40:03]} Re1 {[%clk 0:43:59]} 41. f4
{[%clk 0:39:32]} Kd5 {[%clk 0:44:06]} 42. Kf3 {[%clk 0:38:25]} Kd4
{[%clk 0:44:30]} 43. Rc6 {[%clk 0:38:49]} Rf1+ {[%clk 0:44:15]} 44. Ke2
{[%clk 0:38:56]} Rf2+ {[%clk 0:44:37]} 45. Ke1 {[%clk 0:39:22]} Rb2
{[%clk 0:45:01]} 46. Rxa6 {[%clk 0:38:46]} Rxb4 {[%clk 0:45:23]} 47. Re6
{[%clk 0:38:53]} Kd3 {[%clk 0:45:12]} 48. Rd6+ {[%clk 0:39:17]} Ke4
{[%clk 0:45:38]} 49. a6 {[%clk 0:39:19]} Kf3 {[%clk 0:45:32]} 50. a7
{[%clk 0:39:40]} Ra4 {[%clk 0:45:58]} 51. f5 {[%clk 0:38:45]} gxf5
{[%clk 0:45:52]} 52. Rd5 {[%clk 0:39:10]} f4 {[%clk 0:46:06]} 53. Rd7
{[%clk 0:37:31]} Ra1+ {[%clk 0:46:18]} 54. Rd1 {[%clk 0:37:55]} Rxa7
{[%clk 0:46:43]} 55. h4 {[%clk 0:37:52]} Rg7 {[%clk 0:46:58]} 56. Kf1
{[%clk 0:38:17]} e2+ {[%clk 0:47:21]} 0-1

[Event "WYCC Open 10"]
[Site "Porto Carras"]
[Date "2015.10.31"]
[Round "6.1"]
[White "Wang, Justin"]
[Black "Praggnanandhaa, R"]
[Result "1/2-1/2"]
[BlackElo "2077"]
[WhiteElo "2046"]
[LiveChessVersion "1.4.6"]

1. e4 {[%clk 1:30:55]} e5 {[%clk 1:30:45]} 2. Nf3 {[%clk 1:31:11]} Nc6
{[%clk 1:31:10]} 3. Bb5 {[%clk 1:31:05]} a6 {[%clk 1:31:34]} 4. Ba4
{[%clk 1:31:05]} Nf6 {[%clk 1:31:55]} 5. d3 {[%clk 1:30:40]} b5 {[%clk 1:30:15]}
6. Bb3 {[%clk 1:30:20]} Bc5 {[%clk 1:30:09]} 7. O-O {[%clk 1:29:11]} d6
{[%clk 1:29:15]} 8. a4 {[%clk 1:27:12]} Rb8 {[%clk 1:29:20]} 9. axb5
{[%clk 1:18:54]} axb5 {[%clk 1:28:34]} 10. h3 {[%clk 1:17:33]} h6
{[%clk 1:26:26]} 11. c3 {[%clk 1:14:17]} O-O {[%clk 1:21:19]} 12. Re1
{[%clk 1:13:03]} Re8 {[%clk 1:13:28]} 13. Nbd2 {[%clk 1:12:25]} Bb6
{[%clk 1:11:07]} 14. Nf1 {[%clk 1:10:07]} Ne7 {[%clk 1:10:54]} 15. Ng3
{[%clk 1:08:06]} Ng6 {[%clk 1:09:12]} 16. Be3 {[%clk 0:58:30]} Bxe3
{[%clk 1:07:49]} 17. fxe3 {[%clk 0:54:22]} Bb7 {[%clk 1:06:11]} 18. Nh2
{[%clk 0:48:28]} Bc8 {[%clk 0:58:36]} 19. Rf1 {[%clk 0:46:45]} Be6
{[%clk 0:56:47]} 20. Bxe6 {[%clk 0:44:08]} fxe6 {[%clk 0:56:43]} 21. Nh5
{[%clk 0:42:17]} Rf8 {[%clk 0:54:11]} 22. Nxf6+ {[%clk 0:39:15]} Rxf6
{[%clk 0:54:00]} 23. Qh5 {[%clk 0:37:23]} Kh7 {[%clk 0:43:22]} 24. Rxf6
{[%clk 0:34:57]} Qxf6 {[%clk 0:43:34]} 25. Rf1 {[%clk 0:34:57]} Qe7
{[%clk 0:42:36]} 26. Nf3 {[%clk 0:32:47]} Nf8 {[%clk 0:32:17]} 27. h4
{[%clk 0:27:27]} Kg8 {[%clk 0:28:55]} 28. g4 {[%clk 0:23:21]} Nd7
{[%clk 0:23:28]} 29. g5 {[%clk 0:22:32]} Qe8 {[%clk 0:23:15]} 30. Qg4
{[%clk 0:21:49]} h5 {[%clk 0:23:34]} 31. Qg3 {[%clk 0:20:12]} Ra8
{[%clk 0:21:40]} 32. Qg2 {[%clk 0:18:54]} Qg6 {[%clk 0:17:59]} 33. Kh2
{[%clk 0:17:56]} c5 {[%clk 0:13:45]} 34. Qc2 {[%clk 0:16:49]} c4 {[%clk 0:12:45]}
35. d4 {[%clk 0:16:12]} exd4 {[%clk 0:11:43]} 36. exd4 {[%clk 0:14:51]} Rf8
{[%clk 0:11:27]} 37. Nd2 {[%clk 0:11:13]} Rxf1 {[%clk 0:08:29]} 38. Nxf1
{[%clk 0:11:27]} Qf7 {[%clk 0:08:27]} 39. Qe2 {[%clk 0:10:52]} Qf4+
{[%clk 0:07:11]} 40. Kh3 {[%clk 0:40:45]} Nf8 {[%clk 0:34:59]} 41. Ng3
{[%clk 0:40:00]} g6 {[%clk 0:35:18]} 42. Qd1 {[%clk 0:31:41]} Kg7
{[%clk 0:33:28]} 43. Qe2 {[%clk 0:30:19]} e5 {[%clk 0:33:09]} 44. dxe5
{[%clk 0:25:19]} dxe5 {[%clk 0:29:35]} 45. Qd1 {[%clk 0:25:13]} Ne6
{[%clk 0:26:52]} 46. Qd7+ {[%clk 0:25:25]} Qf7 {[%clk 0:26:49]} 47. Qxb5
{[%clk 0:23:10]} Nf4+ {[%clk 0:26:27]} 48. Kh2 {[%clk 0:23:28]} Nd3
{[%clk 0:26:30]} 49. Qb6 {[%clk 0:21:21]} Qf2+ {[%clk 0:22:02]} 50. Qxf2
{[%clk 0:21:46]} Nxf2 {[%clk 0:22:28]} 51. Kg2 {[%clk 0:21:02]} Nd1
{[%clk 0:22:51]} 52. Nf1 {[%clk 0:20:08]} Kf7 {[%clk 0:22:32]} 53. Kf3
{[%clk 0:19:25]} Ke6 {[%clk 0:22:52]} 54. Ne3 {[%clk 0:17:58]} Nxb2
{[%clk 0:23:20]} 55. Nd5 1/2-1/2

[Event "WYCC Open 10"]
[Site "Porto Carras"]
[Date "2015.10.31"]
[Round "6.3"]
[White "Sadhwani, Raunak"]
[Black "Krallis, Christos"]
[Result "1-0"]
[BlackElo "1859"]
[WhiteElo "1981"]
[LiveChessVersion "1.4.6"]

1. d4 {[%clk 1:30:12]} Nf6 {[%clk 1:30:44]} 2. Bg5 {[%clk 1:30:38]} Ne4
{[%clk 1:30:52]} 3. Bf4 {[%clk 1:30:02]} c5 {[%clk 1:28:53]} 4. f3
{[%clk 1:30:23]} Nf6 {[%clk 1:28:51]} 5. dxc5 {[%clk 1:30:46]} Nc6
{[%clk 1:27:27]} 6. e4 {[%clk 1:25:13]} Qa5+ {[%clk 1:24:20]} 7. Nc3
{[%clk 1:25:07]} e5 {[%clk 1:20:41]} 8. Bg5 {[%clk 1:23:39]} Bxc5
{[%clk 1:19:24]} 9. Bxf6 {[%clk 1:23:39]} gxf6 {[%clk 1:19:45]} 10. Qd2
{[%clk 1:19:12]} Nd4 {[%clk 1:04:23]} 11. Nge2 {[%clk 1:18:35]} O-O
{[%clk 0:45:30]} 12. Ng3 {[%clk 1:15:21]} Qb6 {[%clk 0:22:16]} 13. Na4
{[%clk 1:13:11]} Qb4 {[%clk 0:19:37]} 14. Nxc5 {[%clk 1:12:09]} Nxc2+
{[%clk 0:19:50]} 15. Kd1 {[%clk 1:12:30]} Qxd2+ {[%clk 0:20:17]} 16. Kxd2
{[%clk 1:12:55]} Nxa1 {[%clk 0:20:44]} 17. Be2 {[%clk 1:12:00]} d6
{[%clk 0:20:07]} 18. Na4 {[%clk 1:11:57]} Nb3+ {[%clk 0:18:13]} 19. axb3
{[%clk 1:11:57]} Be6 {[%clk 0:18:22]} 20. Nc3 {[%clk 1:12:28]} Bxb3
{[%clk 0:15:46]} 21. Nf5 {[%clk 1:11:51]} Be6 {[%clk 0:08:09]} 22. Ne3
{[%clk 1:11:34]} Rfd8 {[%clk 0:07:32]} 23. g4 {[%clk 1:10:50]} Rac8
{[%clk 0:06:37]} 24. Ncd5 {[%clk 1:09:58]} Bxd5 {[%clk 0:06:25]} 25. Nxd5
{[%clk 1:10:13]} Kg7 {[%clk 0:06:34]} 26. h4 {[%clk 1:10:10]} h6 {[%clk 0:04:35]}
27. Rg1 {[%clk 1:09:14]} Rh8 {[%clk 0:03:11]} 28. b3 {[%clk 1:08:24]} Rc6
{[%clk 0:02:04]} 29. Bc4 {[%clk 1:08:09]} a6 {[%clk 0:01:33]} 30. Ne7
{[%clk 1:08:31]} Rc7 {[%clk 0:01:50]} 31. Nf5+ {[%clk 1:08:55]} Kg6
{[%clk 0:01:42]} 32. Rc1 {[%clk 1:08:07]} b5 {[%clk 0:01:05]} 33. Bd5
{[%clk 1:08:08]} Rxc1 {[%clk 0:01:27]} 34. Kxc1 {[%clk 1:08:34]} Rd8
{[%clk 0:01:08]} 35. b4 {[%clk 1:08:56]} Rd7 {[%clk 0:00:54]} 36. Kb2
{[%clk 1:09:21]} h5 {[%clk 0:00:55]} 37. Kc2 {[%clk 1:09:37]} Rc7+
{[%clk 0:00:47]} 38. Kd2 {[%clk 1:10:03]} Rd7 {[%clk 0:01:08]} 39. Kd1
{[%clk 1:10:19]} Rd8 {[%clk 0:00:47]} 40. gxh5+ {[%clk 1:40:45]} Kh7
{[%clk 0:30:56]} 41. Bxf7 {[%clk 1:41:07]} Rc8 {[%clk 0:30:05]} 42. Bg6+
{[%clk 1:41:19]} Kh8 {[%clk 0:30:16]} 43. h6 {[%clk 1:41:27]} a5 {[%clk 0:29:47]}
44. bxa5 {[%clk 1:40:01]} b4 {[%clk 0:30:11]} 45. Bf7 {[%clk 1:40:24]} d5
{[%clk 0:30:20]} 46. Bxd5 {[%clk 1:40:41]} Kh7 {[%clk 0:30:20]} 47. a6
{[%clk 1:39:08]} Rc7 {[%clk 0:30:45]} 48. Kd2 {[%clk 1:39:04]} Kh8
{[%clk 0:30:51]} 49. Bb7 {[%clk 1:39:22]} Rd7+ {[%clk 0:30:48]} 50. Kc2
{[%clk 1:39:49]} 1-0

[Event "WYCC Open 10"]
[Site "Porto Carras"]
[Date "2015.10.31"]
[Round "6.4"]
[White "Sindarov, Javokhir"]
[Black "Nguyen, Quoc Hy"]
[Result "0-1"]
[BlackElo "1583"]
[WhiteElo "2299"]
[LiveChessVersion "1.4.6"]

1. e4 {[%clk 1:30:59]} c5 {[%clk 1:30:54]} 2. Nc3 {[%clk 1:31:23]} e6
{[%clk 1:31:19]} 3. g3 {[%clk 1:31:32]} d5 {[%clk 1:31:41]} 4. exd5
{[%clk 1:31:57]} exd5 {[%clk 1:32:07]} 5. Bg2 {[%clk 1:32:22]} Nf6
{[%clk 1:32:19]} 6. d3 {[%clk 1:32:28]} d4 {[%clk 1:18:40]} 7. Ne4
{[%clk 1:32:27]} Nxe4 {[%clk 1:18:14]} 8. Bxe4 {[%clk 1:32:42]} Nd7
{[%clk 1:10:21]} 9. Qf3 {[%clk 1:26:52]} Nf6 {[%clk 0:49:53]} 10. Bg5
{[%clk 1:20:08]} Be7 {[%clk 0:37:30]} 11. Bxb7 {[%clk 1:19:11]} Bxb7
{[%clk 0:37:56]} 12. Qxb7 {[%clk 1:19:35]} O-O {[%clk 0:38:10]} 13. b3
{[%clk 1:19:29]} Nd5 {[%clk 0:25:43]} 14. Bd2 {[%clk 1:16:29]} Re8
{[%clk 0:22:09]} 15. Kf1 {[%clk 1:15:07]} Qd6 {[%clk 0:19:54]} 16. Qb5
{[%clk 1:09:38]} a6 {[%clk 0:10:55]} 17. Qa4 {[%clk 1:04:46]} Nb4
{[%clk 0:10:58]} 18. Bxb4 {[%clk 0:50:43]} cxb4 {[%clk 0:11:26]} 19. Nf3
{[%clk 0:50:49]} Rec8 {[%clk 0:11:23]} 20. Rc1 {[%clk 0:49:01]} Qd5
{[%clk 0:09:07]} 21. Kg2 {[%clk 0:47:12]} Rc6 {[%clk 0:07:59]} 22. Rhe1
{[%clk 0:43:20]} Rf6 {[%clk 0:08:14]} 23. Re4 {[%clk 0:42:45]} Rxf3
{[%clk 0:07:32]} 24. Rxe7 {[%clk 0:43:07]} Rxg3+ {[%clk 0:06:55]} 25. Kxg3
{[%clk 0:43:07]} Qg5+ {[%clk 0:07:15]} 26. Kf3 {[%clk 0:43:32]} Qf6+
{[%clk 0:07:14]} 27. Kg2 {[%clk 0:42:59]} Qxe7 {[%clk 0:07:25]} 28. Kf1
{[%clk 0:42:55]} Qb7 {[%clk 0:06:04]} 29. Re1 {[%clk 0:40:55]} Kf8
{[%clk 0:05:57]} 30. Kg1 {[%clk 0:40:45]} Qb5 {[%clk 0:05:33]} 31. Kf1
{[%clk 0:34:35]} Qxa4 {[%clk 0:04:04]} 32. bxa4 {[%clk 0:34:59]} Rc8
{[%clk 0:04:33]} 33. Re2 {[%clk 0:35:28]} Rc3 {[%clk 0:04:47]} 34. Ke1
{[%clk 0:34:52]} Ra3 {[%clk 0:04:31]} 35. Re4 {[%clk 0:35:01]} Rxa2
{[%clk 0:04:36]} 36. Rxd4 {[%clk 0:34:32]} Rxa4 {[%clk 0:04:58]} 37. Kd2
{[%clk 0:33:49]} a5 {[%clk 0:04:54]} 38. Kc1 {[%clk 0:33:33]} Ra1+
{[%clk 0:05:07]} 39. Kb2 {[%clk 0:33:08]} Rf1 {[%clk 0:03:51]} 40. Rf4
{[%clk 1:00:58]} g6 {[%clk 0:33:34]} 41. Kb3 {[%clk 1:01:05]} Ra1
{[%clk 0:33:54]} 42. Re4 {[%clk 1:01:12]} h5 {[%clk 0:28:59]} 43. Re2
{[%clk 1:01:02]} Rh1 {[%clk 0:25:27]} 44. Ka4 {[%clk 1:00:25]} Rxh2
{[%clk 0:20:06]} 45. Kxa5 {[%clk 1:00:50]} Rh4 {[%clk 0:20:30]} 46. Kb5
{[%clk 1:01:01]} Rf4 {[%clk 0:19:36]} 47. Rd2 {[%clk 0:59:57]} h4
{[%clk 0:17:25]} 48. f3 {[%clk 0:58:04]} h3 {[%clk 0:11:58]} 49. d4
{[%clk 0:58:27]} Rh4 {[%clk 0:11:06]} 50. Rh2 {[%clk 0:58:40]} g5
{[%clk 0:08:27]} 51. d5 {[%clk 0:57:38]} Ke7 {[%clk 0:08:06]} 52. Kc6
{[%clk 0:57:32]} f5 {[%clk 0:06:32]} 53. Rh1 {[%clk 0:54:23]} Kd8
{[%clk 0:05:55]} 54. d6 {[%clk 0:52:39]} h2 {[%clk 0:04:56]} 55. Kd5
{[%clk 0:48:52]} g4 {[%clk 0:04:02]} 56. fxg4 {[%clk 0:49:02]} fxg4
{[%clk 0:04:06]} 57. Ke4 {[%clk 0:49:30]} g3+ {[%clk 0:04:14]} 58. Kf3
{[%clk 0:49:56]} Rg4 {[%clk 0:04:31]} 59. Kg2 {[%clk 0:50:00]} Kd7
{[%clk 0:04:47]} 60. Rd1 {[%clk 0:50:24]} Rg6 {[%clk 0:04:32]} 61. Ra1
{[%clk 0:50:30]} Rxd6 {[%clk 0:04:26]} 62. Kxg3 {[%clk 0:50:43]} Rd2
{[%clk 0:04:52]} 63. Kf3 {[%clk 0:50:18]} Rxc2 {[%clk 0:05:12]} 64. Ke3
{[%clk 0:50:46]} b3 {[%clk 0:05:32]} 65. Kd3 {[%clk 0:51:12]} b2 {[%clk 0:05:29]}
66. Rd1 {[%clk 0:51:33]} Rc1 {[%clk 0:05:52]} 0-1

[Event "WYCC Open 10"]
[Site "Porto Carras"]
[Date "2015.10.31"]
[Round "6.5"]
[White "Antonica, Dragos-Andrei"]
[Black "Oglaza, Oskar"]
[Result "0-1"]
[BlackElo "2118"]
[WhiteElo "1866"]
[LiveChessVersion "1.4.6"]

1. d4 {[%clk 1:30:55]} Nf6 {[%clk 1:30:31]} 2. c4 {[%clk 1:31:20]} c5
{[%clk 1:30:42]} 3. d5 {[%clk 1:31:32]} b5 {[%clk 1:30:43]} 4. cxb5
{[%clk 1:31:57]} a6 {[%clk 1:31:01]} 5. b6 {[%clk 1:32:25]} d6 {[%clk 1:30:35]}
6. Nc3 {[%clk 1:32:33]} Nbd7 {[%clk 1:30:35]} 7. a4 {[%clk 1:30:35]} Qxb6
{[%clk 1:30:24]} 8. Nf3 {[%clk 1:29:30]} g6 {[%clk 1:30:26]} 9. a5
{[%clk 1:27:31]} Qb4 {[%clk 1:28:37]} 10. Ra4 {[%clk 1:24:12]} Qb7
{[%clk 1:22:21]} 11. e4 {[%clk 1:19:25]} Bg7 {[%clk 1:22:42]} 12. Be2
{[%clk 1:19:09]} O-O {[%clk 1:20:59]} 13. O-O {[%clk 1:19:06]} Ne8
{[%clk 1:19:23]} 14. Qc2 {[%clk 1:13:11]} Nc7 {[%clk 1:14:34]} 15. Ra3
{[%clk 1:01:59]} Rb8 {[%clk 1:01:05]} 16. Na4 {[%clk 0:44:02]} Nb5
{[%clk 0:55:28]} 17. Rb3 {[%clk 0:36:12]} Qc7 {[%clk 0:52:23]} 18. Bd2
{[%clk 0:36:18]} f5 {[%clk 0:34:11]} 19. exf5 {[%clk 0:29:51]} Rxf5
{[%clk 0:33:53]} 20. Re3 {[%clk 0:21:30]} Ne5 {[%clk 0:21:48]} 21. Nxe5
{[%clk 0:13:03]} Nd4 {[%clk 0:19:01]} 22. Qc4 {[%clk 0:13:32]} Bxe5
{[%clk 0:17:16]} 23. g3 {[%clk 0:08:55]} Bd7 {[%clk 0:16:22]} 24. Bg4
{[%clk 0:02:46]} Bb5 {[%clk 0:09:09]} 25. Qa2 {[%clk 0:02:48]} Rg5
{[%clk 0:08:01]} 26. Re4 {[%clk 0:00:55]} Rxg4 {[%clk 0:08:22]} 27. Rxg4
{[%clk 0:01:23]} Nf3+ {[%clk 0:08:18]} 28. Kg2 {[%clk 0:01:52]} Bxf1+
{[%clk 0:06:42]} 29. Kxf3 {[%clk 0:01:55]} Qd7 {[%clk 0:05:44]} 30. Nb6
{[%clk 0:00:39]} Qf5+ {[%clk 0:05:57]} 31. Rf4 {[%clk 0:00:40]} Qh5+
{[%clk 0:05:09]} 32. Ke4 {[%clk 0:00:32]} Qe2+ {[%clk 0:05:29]} 33. Be3
{[%clk 0:00:55]} Bg2+ {[%clk 0:05:49]} 0-1